| 000 | 00447nam a2200169Ia 4500 | ||
|---|---|---|---|
| 008 | 230917s9999||||xx |||||||||||||| ||und|| | ||
| 020 | _cRS660 | ||
| 040 |
_e233006 _aMAIN |
||
| 041 | _aEnglish | ||
| 082 | _a346.0433 B469J | ||
| 100 | _aBhargava, M L | ||
| 245 | 0 | _aJoint property and partition | |
| 260 |
_aNew Delhi _bKamal Publishers _c2016 |
||
| 300 | _a632 p. | ||
| 500 | _a2320 06/05/2016 HBD16/6562 22/06/2016 Main Budget | ||
| 942 | _cBK | ||
| 999 |
_c18620 _d18620 |
||